|
|
|
|
| LEADER |
00000nab a2200000 a 4500 |
| 001 |
vtls000891789 |
| 003 |
SK-MaSNL |
| 005 |
20260302170753.0 |
| 008 |
040720e19940000xo 0 slo |
| 035 |
|
|
|a KE828
|
| 040 |
|
|
|a KEVKJB
|b slo
|c KEVKJB
|e AACR2
|
| 041 |
0 |
|
|a slo
|
| 044 |
|
|
|a xo
|c SK
|
| 080 |
|
|
|a 656.835.91
|2 1981
|
| 080 |
|
|
|a 379.824
|2 1981
|
| 100 |
1 |
|
|a Kuběnka, Jaroslav
|4 aut
|9 873787
|
| 245 |
1 |
0 |
|a Perfiny košických firiem
|
| 650 |
0 |
7 |
|a filatelia
|2 KEVKJB
|9 13203
|
| 650 |
0 |
7 |
|a perfiny firiem košických
|2 KEVKJB
|9 873788
|
| 650 |
0 |
7 |
|a štúdie
|2 KEVKJB
|9 92810
|
| 651 |
|
7 |
|a Košice (Slovensko)
|2 KEVKJB
|9 18694
|
| 773 |
0 |
8 |
|t Slovenská filatelia
|g Roč. 3
|g Roč. 28 (1994), s. 3-7
|
| 852 |
|
|
|a ZVYKNI
|b KIS3GCP
|
| 999 |
|
|
|c 1393708
|d 1395638
|